00660nam a2200217Ia 450000500170000000800410001702000290005804000190008704100120010608200170011824501020013526000400023730000130027750400500029063000190034063000180035965000130037765100180039070000230040885000110043120231201102555.0131103s9999 xx 000 0 und d a8189612719cRs 2500(set) aLoreto College aEnglish a396.03 bMIS aEncyclopaedia of Women Vol I, b Working women : Issues and challenges,cEdited by Kavita Mishra aNew DelhibOmega Publicationsc2007 avi,272p  aIncludes bibliographical references and index aGender Studies aWorking Women aFeminism aWomen Studies aMishra, Kavita, ed aLCLIB